Central Library OPAC University of Rajshahi

Case problems in transportation management / (Record no. 76000)

MARC details
000 -LEADER
fixed length control field 00930cam a22002891 4500
001 - CONTROL NUMBER
control field 76000
003 - CONTROL NUMBER IDENTIFIER
rucl marc code BD-RjUL
005 - DATE AND TIME OF LATEST TRANSACTION
control field 20211209082756.0
008 - FIXED-LENGTH DATA ELEMENTS--GENERAL INFORMATION
fixed length control field 721116s1957 nyua 000 0 eng
035 ## - SYSTEM CONTROL NUMBER
System control number (BD-RjUL)76219
System control number (OCoLC)497529
040 ## - CATALOGING SOURCE
Original cataloging agency DLC
Transcribing agency OClU
Modifying agency OCoLC
-- NcRS
-- OCoLC
-- Uk
-- DLC
Language of cataloging eng
041 ## - LANGUAGE CODE
Language code of text/sound track or separate title eng
082 ## - DEWEY DECIMAL CLASSIFICATION NUMBER
Classification number 385
Edition number 23
Author mark and year BAC 1957
100 1# - MAIN ENTRY--PERSONAL NAME
Personal name Baker, George P.
Fuller form of name (George Pierce),
Dates associated with a name 1903-1995.
9 (RLIN) 233366
245 10 - TITLE STATEMENT
Title Case problems in transportation management /
Statement of responsibility, etc. [by] George P. Baker [and] Gayton E. Germane.
260 ## - PUBLICATION, DISTRIBUTION, ETC. (IMPRINT)
Place of publication, distribution, etc. New York :
Name of publisher, distributor, etc. McGraw-Hill,
Date of publication, distribution, etc. 1957.
300 ## - PHYSICAL DESCRIPTION
Pagination 523 p. :
Illustrations ill. ;
Size 24 cm.
490 0# - SERIES STATEMENT
Series statement Harvard Business School case books
650 #0 - SUBJECT ADDED ENTRY--TOPICAL TERM
Topical term or geographic name as entry element Transportation
General subdivision Case studies.
9 (RLIN) 233367
700 1# - ADDED ENTRY--PERSONAL NAME
Personal name Germane, Gayton E.
906 ## - LOCAL DATA ELEMENT F, LDF (RLIN)
a 7
b cbc
c oclcrpl
d u
e ncip
f 19
g y-gencatlg
942 ## - ADDED ENTRY ELEMENTS (KOHA)
Source of classification or shelving scheme Dewey Decimal Classification
Koha item type Books
Holdings
Lost status Source of classification or shelving scheme Damaged status Not for loan Collection code Permanent Location Current Location Shelving location Date acquired Source of acquisition Cost, normal purchase price Total Checkouts Full call number Date last seen Copy number Koha item type
  Dewey Decimal Classification     Non-fiction Central Library, University of Rajshahi Central Library, University of Rajshahi Reading Room 02/01/1965 zeitlinger 74.00   385 BAC 1957 01/10/2019 C-1 Books
  Dewey Decimal Classification     Non-fiction Central Library, University of Rajshahi Central Library, University of Rajshahi   02/01/1965 zeitlinger 74.00   385 BAC 1957 01/10/2019 C-2 Books
  Dewey Decimal Classification     Non-fiction Central Library, University of Rajshahi Central Library, University of Rajshahi   28/07/1964 Zeitlinger 74.00   385 BAC 1957 01/10/2019 C-3 Books
  Dewey Decimal Classification     Non-fiction Central Library, University of Rajshahi Central Library, University of Rajshahi   02/11/1965 Zeitlinger 74.00   385 BAC 1957 01/10/2019 C-4 Books